000 00690nam a2200265Ia 4500
005 20260302114635.0
008 008 260114s9999 xx 000 0 eng d
020 _a9781472545527
037 _aTextbook
040 _aCRL
040 _beng
040 _cCRL
041 _2eng
041 _aeng
084 _qCRL
100 _aLeonie Sandercock
_91119319
245 0 _aCosmopolis II Mongrel Cities of the 21st Century
260 _bBloomsbury
260 _bBloomsbury Academic
260 _c2004
650 _aPhilosophy
856 _uhttps://dx.doi.org/10.5040/9781472545527?locatt=label:secondary_bloomsburyCollections
942 _cEBOOK
999 _c1683311
_d1683311